Statistics for Civil War | U.S. (and C.S.) Flags

Click here to take the quiz!

General Stats

  • This quiz has been taken 16 times
    (12 since last reset)
  • The average score is 12 of 38

Answer Stats

Answer% Correct
Texas
86%
California
71%
Florida
71%
South Carolina
71%
Alabama
57%
Georgia
57%
Indiana
57%
Louisiana
57%
North Carolina
57%
Alabama
43%
Iowa
43%
Oregon
43%
South Carolina
43%
Arizona Territory (New Mexico)
29%
Minnesota
29%
Mississippi
29%
Missouri and Arkansas
29%
New Jersey
29%
Pennsylvania
29%
Rhode Island
29%
South Carolina
29%
Tennessee
29%
Texas
29%
Texas
29%
Alabama
14%
Deleware
14%
Illinois
14%
Indian Territory (Oklahoma)
14%
New York
14%
Tennessee
14%
California
0%
Confederate movement in Southern California
0%
Conneticut
0%
Maine
0%
Oregon
0%
South Carolina
0%
Vermont
0%
Virginia
0%

Score Distribution

Percentile by Number Answered

Percent of People with Each Score

Your Score History

You have not taken this quiz since the last reset